Vyhodnocovanie časových snímok.
Posudzovanie výkonu časovou snímkou a jeho relatívna presnosť. Výpočet miery rozptylu. Časová snímka ako overovacia skúška. Výpočet smerodajnej odchýlky a štatistické (Studentovo) rozdelenie. Stanovenie normovanej spotreby času vo fázach produktívneho veku. Variácie skutočných časov. Vyhodnocovanie...
Na minha lista:
| Autor principal: | |
|---|---|
| Formato: | Capítulo de Livro |
| Idioma: | eslovaco |
| Assuntos: | |
| Tags: |
Sem tags, seja o primeiro a adicionar uma tag!
|
MARC
| LEADER | 00000naa a2200000 4500 | ||
|---|---|---|---|
| 001 | r010242 | ||
| 005 | 20220831090720.2 | ||
| 041 | 0 | |a slo | |
| 044 | |a [CS] | ||
| 245 | 1 | 0 | |a Vyhodnocovanie časových snímok. |c J.H. Kirchner |
| 520 | |a Posudzovanie výkonu časovou snímkou a jeho relatívna presnosť. Výpočet miery rozptylu. Časová snímka ako overovacia skúška. Výpočet smerodajnej odchýlky a štatistické (Studentovo) rozdelenie. Stanovenie normovanej spotreby času vo fázach produktívneho veku. Variácie skutočných časov. Vyhodnocovanie časovej snímky. | ||
| 610 | 2 | 0 | |a snímkovanie času |
| 610 | 2 | 0 | |a výkony pracovné |
| 610 | 2 | 0 | |a normy časové |
| 610 | 2 | 0 | |a vplyvy na prácu |
| 610 | 2 | 0 | |a REFA Slovensko |
| 610 | 2 | 0 | |a štúdie časové |
| 100 | 1 | |a Kirchner, J.H. | |